| 000 -LEADER |
| fixed length control field |
00717nam a22002297a 4500 |
| 001 - CONTROL NUMBER |
| control field |
366 |
| 003 - CONTROL NUMBER IDENTIFIER |
| control field |
BD-DhUAP |
| 005 - DATE AND TIME OF LATEST TRANSACTION |
| control field |
20210130135804.0 |
| 008 - FIXED-LENGTH DATA ELEMENTS--GENERAL INFORMATION |
| fixed length control field |
200310r19871910enka 000 1 eng |
| 020 ## - INTERNATIONAL STANDARD BOOK NUMBER |
| International Standard Book Number |
0435120514 |
| 040 ## - CATALOGING SOURCE |
| Original cataloging agency |
DLC |
| Transcribing agency |
ODaWU |
| Modifying agency |
BD-DhUAP |
| Language of cataloging |
Eng |
| 082 ## - DEWEY DECIMAL CLASSIFICATION NUMBER |
| Edition number |
23 |
| Classification number |
823 RIC |
| 100 1# - MAIN ENTRY--PERSONAL NAME |
| Personal name |
Richardson, Henry Handel. |
| 245 14 - TITLE STATEMENT |
| Title |
The getting of wisdom / |
| Statement of responsibility, etc. |
Henry Handel Richardson ; illustrated by Kay Dattner. |
| 260 ## - PUBLICATION, DISTRIBUTION, ETC. |
| Name of publisher, distributor, etc. |
London : |
| Date of publication, distribution, etc. |
Heinemann educational books, |
| Place of publication, distribution, etc. |
c1910 [Reprinted 1987]. |
| 300 ## - PHYSICAL DESCRIPTION |
| Extent |
237 pages : |
| Other physical details |
illustrations ; |
| Dimensions |
20 cm. |
| 650 #0 - SUBJECT ADDED ENTRY--TOPICAL TERM |
| Topical term or geographic name entry element |
Young women |
| Form subdivision |
Fiction. |
| 651 #0 - SUBJECT ADDED ENTRY--GEOGRAPHIC NAME |
| Geographic name |
Melbourne (Vic.) |
| Form subdivision |
Fiction. |
| 655 #7 - INDEX TERM--GENRE/FORM |
| Genre/form data or focus term |
Autobiographical fiction. |
| 700 ## - ADDED ENTRY--PERSONAL NAME |
| Personal name |
Dattner, Kay |
| 942 ## - ADDED ENTRY ELEMENTS (KOHA) |
| Source of classification or shelving scheme |
|
| Koha item type |
Book |